000 00408nam a22001697a 4500
003 MPLRDC
005 20220104144414.0
008 210129b ||||| |||| 00| 0 eng d
082 _a961 SWM
100 _a孙蔚民编
245 _a中西图案画法. 一集
_c
250 _a初版
260 _a
_b上海大众书局
_c1947
300 _b
650 _a应用美术--图案
942 _cBK
_o961 SWM
999 _c49286
_d49276